000 00299nam a22001337a 4500
008 171202b xxu||||| |||| 00| 0 eng d
020 _a9780375507526
041 _aeng
080 _a32
100 _a18
101 _aSHP
245 _aLIFE IN GEORGE W. BUSH'S AMERICA
_cIVINS, M
942 _2udc
_cBK
999 _c38739
_d38739